TCP performance over UMTS-HSDPA systems (Record no. 8179)
[ view plain ]
| 000 -LEADER | |
|---|---|
| fixed length control field | 00685 a2200193 4500 |
| 020 ## - INTERNATIONAL STANDARD BOOK NUMBER | |
| International Standard Book Number | 0849368383 |
| 035 ## - SYSTEM CONTROL NUMBER | |
| System control number | (OCoLC)ocm64592219 |
| 040 ## - CATALOGING SOURCE | |
| Original cataloging agency | DLC |
| Language of cataloging | DLC |
| 082 00 - DEWEY DECIMAL CLASSIFICATION NUMBER | |
| Classification number | 621.382/12 |
| 100 1# - MAIN ENTRY--PERSONAL NAME | |
| Personal name | Assaad, Mohamad. |
| 245 10 - TITLE STATEMENT | |
| Title | TCP performance over UMTS-HSDPA systems |
| Statement of responsibility, etc. | Mohamad Assaad, Djamal Zeghlache |
| 260 ## - PUBLICATION, DISTRIBUTION, ETC. | |
| Place of publication, distribution, etc. | Boca Raton : |
| Name of publisher, distributor, etc. | Auerbach Publications, |
| Date of publication, distribution, etc. | c2007. |
| 300 ## - PHYSICAL DESCRIPTION | |
| Extent | xx, 211 p. : |
| Other physical details | ill. ; |
| Dimensions | 25 cm. |
| 650 #0 - SUBJECT ADDED ENTRY--TOPICAL TERM | |
| Topical term or geographic name entry element | Universal Mobile Telecommunications System. |
| 650 #0 - SUBJECT ADDED ENTRY--TOPICAL TERM | |
| Topical term or geographic name entry element | TCP/IP (Computer network protocol) |
| 700 1# - ADDED ENTRY--PERSONAL NAME | |
| Personal name | Zeghlache, Djamal. |
| 856 42 - ELECTRONIC LOCATION AND ACCESS | |
| Materials specified | Publisher description |
| Uniform Resource Identifier | <a href="http://www.loc.gov/catdir/enhancements/fy0661/2006042662-d.html">http://www.loc.gov/catdir/enhancements/fy0661/2006042662-d.html</a> |
| 942 ## - ADDED ENTRY ELEMENTS (KOHA) | |
| Koha item type | Book |
| Call number prefix | 621.38212 ASS |
| Source of classification or shelving scheme | |
| Withdrawn status | Lost status | Damaged status | Not for loan | Collection code | Permanent Location | Current Location | Shelving location | Date acquired | Source of acquisition | Cost, normal purchase price | Total Checkouts | Full call number | Barcode | Date last seen | Price effective from | Koha item type |
|---|---|---|---|---|---|---|---|---|---|---|---|---|---|---|---|---|
| Central Library (CL) | Central Library (CL) | General Stacks | 04/16/2007 | Saeed Book Bank | 5728.67 | 621.38212 ASS | SEECS008365 | 11/14/2012 | 01/05/2017 | Book |
